Bilder nach Buchstabe - K #2 - Statistiken

Allgemein
  • Dieses Quiz wurde 197 mal gespielt
  • Das Durchschnittsergebnis liegt bei 9 aus 16
Antwortstatistiken
Bildquiz Antwort % Korrekt
Korallenriff
96%
Kolibri
94%
King Kong
82%
Kim Possible
75%
Kirmes
75%
Krater
69%
Kiefer
65%
Knut
61%
Kuwait
61%
Kuba
56%
Kneipe
53%
Königsberger Klopse
48%
Kupfer
45%
Kloster
27%
Kempinski
8%
Kronos
4%
Keine übereinstimmenden Quizze gefunden
Verteilung der Resultate
Anzahl Personen mit jedem Resultat
Perzentil nach korrekt beantworteten Fragen
Ihre Resultats-Entwicklung
Sie haben dieses Quiz noch nicht gespielt